000 00847cam a22002774i 4500
001 STB035259
003 PILC
005 20151105151053.0
008 130607s2014 nyua b 001 0 eng
010 _a2013022822
020 _a9780073534282 (alk. paper)
020 _a9780071326476
040 _aDLC
_beng
_cDLC
_erda
_dDLC
042 _apcc
050 0 0 _aQ 360
_b.W52 2014
100 1 _aWest, Richard L.
245 1 0 _aIntroducing communication theory :
_banalysis and application /
_cRichard West and Lynn H. Turner.
250 _a5th edition.
260 _aNew York :
_bMcGraw-Hill,
_c2014.
300 _axxviii, 547 pages :
_billustrations ;
_c24 cm.
500 _aIncludes bibliographical references and index.
650 0 _aInformation theory.
650 0 _aCommunication.
700 1 _aTurner, Lynn H.
942 _2lcc
_cBK
_kFOR
999 _c288936
_d288936